[Event "Chequers Masters"]
[Site "London"]
[Date "1985.04.10"]
[Round "5"]
[White "McNab, Colin Anderson"]
[Black "Arkell, Keith C"]
[Result "1/2-1/2"]
[WhiteElo "2395"]
[BlackElo "2410"]
[PlyCount "103"]
[EventDate "1985.04.06"]
[EventType "tourn"]
[EventRounds "9"]
[EventCountry "ENG"]
[EventCategory "6"]
[SourceTitle "BritBase"]
[Source "John Saunders"]
[SourceDate "2020.09.07"]
[SourceVersion "1"]
[SourceVersionDate "2020.09.07"]
[SourceQuality "2"]

1. Nf3 d5 2. g3 c5 3. c4 d4 4. e3 Nc6 5. exd4 cxd4 6. d3 e5 7. Bg2 Nf6 8. O-O
Bd6 9. b4 O-O 10. a3 Bg4 11. h3 Bf5 12. Re1 Re8 13. g4 Bg6 14. Nh4 Qc7 15. Nxg6
hxg6 16. Nd2 a5 17. c5 Bf8 18. Rb1 axb4 19. axb4 Rad8 20. Qb3 Ne7 21. Ne4 Ned5
22. Nxf6+ Nxf6 23. Ra1 b6 24. c6 e4 25. dxe4 Qxc6 26. e5 Qb5 27. Ra7 Rxe5 28.
Qxf7+ Kh7 29. Rf1 Nd5 30. f4 Re7 31. Rxe7 Nxe7 32. f5 gxf5 33. gxf5 Qe8 34. Qe6
Ng8 35. Qxb6 Nf6 36. Bd2 Rd6 37. Qc7 Qe2 38. Qc1 Ne4 39. Bxe4 Qxe4 40. Rf4 Qd5
41. Qf1 Be7 42. Qd3 Bf6 43. Re4 Rd8 44. Qf3 Qf7 45. Re6 d3 46. b5 Qa7+ 47. b6
Qa1+ 48. Kg2 Qb2 49. Qh5+ Kg8 50. Re8+ Rxe8 51. Qxe8+ Kh7 52. Qh5+ 1/2-1/2

[Event "Chequers Masters"]
[Site "London"]
[Date "1985.04.10"]
[Round "5"]
[White "Orr, Mark JL"]
[Black "Hebden, Mark L"]
[Result "1/2-1/2"]
[WhiteElo "2320"]
[BlackElo "2480"]
[PlyCount "72"]
[EventDate "1985.04.06"]
[EventType "tourn"]
[EventRounds "9"]
[EventCountry "ENG"]
[EventCategory "6"]
[SourceTitle "BritBase"]
[Source "John Saunders"]
[SourceDate "2020.09.07"]
[SourceVersion "1"]
[SourceVersionDate "2020.09.07"]
[SourceQuality "2"]

1. Nf3 Nf6 2. c4 g6 3. g3 Bg7 4. Bg2 O-O 5. O-O d6 6. d4 c5 7. Nc3 Nc6 8. dxc5
dxc5 9. Bf4 Nh5 10. Bd2 Nd4 11. Qc1 Bg4 12. Bh6 Bxf3 13. Bxf3 Nxf3+ 14. exf3
Qd3 15. Bxg7 Kxg7 16. Nd5 e6 17. Qc3+ Qxc3 18. Nxc3 Rfd8 19. Rfd1 Rd4 20. b3
Rad8 21. Kf1 Rxd1+ 22. Rxd1 Rxd1+ 23. Nxd1 Kf6 24. Nc3 Ke7 25. Ke2 Ng7 26. f4
Nf5 27. Kd3 h5 28. h4 b6 29. Nb5 a5 30. Nc3 Kd7 31. Ke4 Nd6+ 32. Kd3 Nb7 33.
Ke4 Nd8 34. Na4 f5+ 35. Ke3 Kc7 36. Nb2 Nc6 1/2-1/2

[Event "Chequers Masters"]
[Site "London"]
[Date "1985.04.11"]
[Round "6"]
[White "Arkell, Keith C"]
[Black "Orr, Mark JL"]
[Result "1/2-1/2"]
[WhiteElo "2410"]
[BlackElo "2320"]
[PlyCount "101"]
[EventDate "1985.04.06"]
[EventType "tourn"]
[EventRounds "9"]
[EventCountry "ENG"]
[EventCategory "6"]
[SourceTitle "BritBase"]
[Source "John Saunders"]
[SourceDate "2020.09.07"]
[SourceVersion "1"]
[SourceVersionDate "2020.09.07"]
[SourceQuality "2"]

1. e4 c5 2. f4 d5 3. Nc3 dxe4 4. Nxe4 Nd7 5. Nf3 Ngf6 6. Nf2 g6 7. g3 Bg7 8.
Bg2 O-O 9. O-O Qc7 10. Re1 e6 11. d3 b6 12. Bd2 Bb7 13. c4 Rad8 14. Bc3 Nb8 15.
Qe2 Nc6 16. b3 Nd4 17. Nxd4 cxd4 18. Bb4 Rfe8 19. Bxb7 Qxb7 20. Ne4 Nxe4 21.
Qxe4 Qxe4 22. Rxe4 f5 23. Re2 e5 24. fxe5 Rxe5 25. Rxe5 Bxe5 26. Re1 Bf6 27.
Kf2 Kf7 28. Kf3 g5 29. g4 fxg4+ 30. Kxg4 Kg6 31. c5 a5 32. Ba3 bxc5 33. Re6 Rd5
34. Rc6 h5+ 35. Kf3 Kf5 36. Rxc5 Ke5 37. Rxd5+ Kxd5 38. h3 Bd8 39. Bc1 Ke5 40.
Bd2 Kf5 41. a4 Bc7 42. b4 axb4 43. Bxb4 Bd8 44. a5 Bc7 45. a6 g4+ 46. Kf2 Bb6
47. h4 Ke6 48. Ba5 Ba7 49. Bc7 Kd7 50. Be5 Kc8 51. Kg2 1/2-1/2

[Event "Chequers Masters"]
[Site "London"]
[Date "1985.04.11"]
[Round "6"]
[White "Carton, Pat"]
[Black "Howell, James C"]
[Result "1/2-1/2"]
[WhiteElo "2300"]
[BlackElo "2370"]
[PlyCount "112"]
[EventDate "1985.04.06"]
[EventType "tourn"]
[EventRounds "9"]
[EventCountry "ENG"]
[EventCategory "6"]
[SourceTitle "BritBase"]
[Source "John Saunders"]
[SourceDate "2020.09.07"]
[SourceVersion "1"]
[SourceVersionDate "2020.09.07"]
[SourceQuality "2"]

1. e4 c5 2. Nf3 d6 3. Bb5+ Bd7 4. Bxd7+ Nxd7 5. O-O Ngf6 6. Qe2 e6 7. b3 Be7 8.
Bb2 O-O 9. c4 a6 10. d4 cxd4 11. Nxd4 Qb6 12. Rd1 Rfe8 13. Nc3 Rad8 14. Rd2 Bf8
15. Rad1 Qa5 16. f4 Nb8 17. Kh1 Nfd7 18. Qf3 Qc7 19. Qh3 Nc6 20. Nf3 Qc8 21.
Ne2 Nc5 22. Ng3 b5 23. cxb5 axb5 24. Qg4 f5 25. exf5 exf5 26. Qxf5 Qxf5 27.
Nxf5 Ne4 28. Re2 g6 29. N5d4 Nxd4 30. Nxd4 Bg7 31. Kg1 Ra8 32. a3 Nc5 33. Rxe8+
Rxe8 34. b4 Nb3 35. Rd3 Re1+ 36. Kf2 Rb1 37. Nxb3 Rxb2+ 38. Kf3 Ra2 39. Nd4
Bxd4 40. Rxd4 Rxa3+ 41. Ke4 Ra2 42. g4 Rxh2 43. Rxd6 Rb2 44. Rd4 h5 45. gxh5
gxh5 46. Kf5 Kf7 47. Kg5 Ke6 48. Re4+ Kd5 49. Re5+ Kc4 50. f5 Kxb4 51. f6 Rg2+
52. Kh6 Kc4 53. Rf5 Rg8 54. f7 Rd8 55. f8=Q Rxf8 56. Rxf8 b4 1/2-1/2

[Event "Chequers Masters"]
[Site "London"]
[Date "1985.04.11"]
[Round "6"]
[White "Condie, Mark L"]
[Black "Hebden, Mark L"]
[Result "1/2-1/2"]
[WhiteElo "2380"]
[BlackElo "2480"]
[PlyCount "136"]
[EventDate "1985.04.06"]
[EventType "tourn"]
[EventRounds "9"]
[EventCountry "ENG"]
[EventCategory "6"]
[SourceTitle "BritBase"]
[Source "John Saunders"]
[SourceDate "2020.09.07"]
[SourceVersion "1"]
[SourceVersionDate "2020.09.07"]
[SourceQuality "2"]

1. d4 Nf6 2. Nf3 c5 3. c3 e6 4. Bg5 Qb6 5. Qb3 Nc6 6. e3 Qxb3 7. axb3 h6 8.
Bxf6 gxf6 9. Nbd2 d5 10. dxc5 Bxc5 11. b4 Bb6 12. e4 dxe4 13. Nxe4 Ke7 14. Be2
Bd7 15. Nc5 Bxc5 16. bxc5 a5 17. b3 b6 18. cxb6 Rab8 19. O-O Rxb6 20. Nd4 Nxd4
21. cxd4 Rxb3 22. Rxa5 Rhb8 23. Rh5 Rb1 24. f3 R1b2 25. Re1 Rh8 26. Kf1 Bc6 27.
Rc5 Bd5 28. Bc4 Bxc4+ 29. Rxc4 Rg8 30. g4 Rxh2 31. Rc7+ Kf8 32. Re2 Rxe2 33.
Kxe2 Rg5 34. Ke3 Ra5 35. Rc8+ Kg7 36. Rd8 Rd5 37. Ra8 f5 38. gxf5 Rxf5 39. Ra1
h5 40. Rh1 Kf6 41. Rh4 Kg5 42. Re4 Ra5 43. Kf2 Ra2+ 44. Kg3 Rd2 45. Re5+ Kg6
46. Re4 Ra2 47. Re5 Ra4 48. Re4 Ra6 49. Kf4 Rd6 50. Kg3 Kg5 51. Re5+ f5 52. Re1
h4+ 53. Kf2 Rxd4 54. Rxe6 Kf4 55. Rh6 Rd2+ 56. Ke1 Ra2 57. Rh5 Rh2 58. Kf1 h3
59. Kg1 Rg2+ 60. Kf1 Rg3 61. Ke2 Rg2+ 62. Kf1 Ra2 63. Rxh3 Ke3 64. f4+ Kxf4 65.
Rb3 Kg4 66. Rc3 f4 67. Rb3 Rh2 68. Ra3 Rb2 1/2-1/2

[Event "Chequers Masters"]
[Site "London"]
[Date "1985.04.11"]
[Round "6"]
[White "Gallagher, Joseph G"]
[Black "Hawksworth, John C"]
[Result "0-1"]
[WhiteElo "2370"]
[BlackElo "2365"]
[PlyCount "130"]
[EventDate "1985.04.06"]
[EventType "tourn"]
[EventRounds "9"]
[EventCountry "ENG"]
[EventCategory "6"]
[SourceTitle "BritBase"]
[Source "John Saunders"]
[SourceDate "2020.09.07"]
[SourceVersion "1"]
[SourceVersionDate "2020.09.07"]
[SourceQuality "2"]

1. e4 e5 2. f4 exf4 3. Nf3 d5 4. exd5 Nf6 5. Bc4 Bd6 6. Qe2+ Qe7 7. Qxe7+ Kxe7
8. O-O Nbd7 9. d4 h6 10. Bb3 g5 11. c4 c5 12. dxc6 bxc6 13. c5 Bc7 14. Nc3 Nf8
15. d5 cxd5 16. Nxd5+ Nxd5 17. Bxd5 Rb8 18. Nd4 Bd7 19. Re1+ Ne6 20. Bd2 Rhe8
21. Bc3 Kf8 22. c6 Bc8 23. Nf5 Rb5 24. Be4 Nc5 25. Nd4 Rb8 26. Bc2 Rxe1+ 27.
Rxe1 Ne6 28. Nf5 Rb6 29. Ba4 h5 30. Re4 Rb8 31. Bb4+ Kg8 32. Bc2 Ba6 33. Ne7+
Kg7 34. Nd5 Rc8 35. Bc3+ Kf8 36. Ra4 Bb5 37. Rxa7 Bd6 38. Ra5 Bxc6 39. Nf6 Bc5+
40. Kf1 Bb6 41. Rf5 Nd4 42. Nh7+ Ke7 43. Bxd4 Bxd4 44. Nxg5 f6 45. Nh3 f3 46.
gxf3 Bd7 47. Be4 Rc5 48. Rxc5 Bxh3+ 49. Ke2 Bxc5 50. a4 Bg1 51. a5 Bxh2 52. a6
Bg1 53. f4 Bd7 54. Kf3 h4 55. b4 Kd6 56. b5 Kc7 57. f5 Bxb5 58. Kg4 Bxa6 59.
Kxh4 Kd6 60. Kh5 Ke5 61. Bc2 Bb5 62. Kg6 Be8+ 63. Kg7 Bd4 64. Bb1 Kf4 65. Kh6
Bc6 0-1

[Event "Chequers Masters"]
[Site "London"]
[Date "1985.04.11"]
[Round "6"]
[White "Horner, Jeff"]
[Black "McNab, Colin Anderson"]
[Result "0-1"]
[WhiteElo "2385"]
[BlackElo "2395"]
[PlyCount "100"]
[EventDate "1985.04.06"]
[EventType "tourn"]
[EventRounds "9"]
[EventCountry "ENG"]
[EventCategory "6"]
[SourceTitle "BritBase"]
[Source "John Saunders"]
[SourceDate "2020.09.07"]
[SourceVersion "1"]
[SourceVersionDate "2020.09.07"]
[SourceQuality "2"]

1. e4 g6 2. d4 d6 3. Nf3 Nf6 4. Nc3 Bg7 5. Be2 O-O 6. O-O Bg4 7. Be3 Nc6 8. d5
Bxf3 9. Bxf3 Ne5 10. Be2 c6 11. f4 Ned7 12. dxc6 bxc6 13. Bf3 e5 14. Qxd6 Ne8
15. Qxc6 exf4 16. Bxf4 Ne5 17. Bxe5 Bxe5 18. Nd5 Nd6 19. c3 Rb8 20. Rf2 h5 21.
Raf1 Kg7 22. Qc5 Rb7 23. Nb4 Rb5 24. Qe3 Nc4 25. Qe2 Qc7 26. g3 Ra5 27. Nd5 Qc6
28. a3 Rb5 29. Nb4 Qe6 30. Bg2 f6 31. Rd1 h4 32. gxh4 Rh8 33. Rd5 Rxd5 34. Nxd5
Qc8 35. Bf1 Nd6 36. Rg2 Qc5+ 37. Kh1 Rxh4 38. b4 Qc6 39. Rxg6+ Kf7 40. Qf3 Nxe4
41. c4 Qd6 42. Rg2 Bxh2 43. Re2 Be5+ 44. Kg2 Ng5 45. Qf5 Rh2+ 46. Kg1 Bd4+ 47.
Ne3 Qg3+ 48. Bg2 Bxe3+ 49. Kf1 Rh1+ 50. Bxh1 Qg1# 0-1

[Event "Chequers Masters"]
[Site "London"]
[Date "1985.04.12"]
[Round "7"]
[White "Hawksworth, John C"]
[Black "Condie, Mark L"]
[Result "1/2-1/2"]
[WhiteElo "2365"]
[BlackElo "2380"]
[PlyCount "73"]
[EventDate "1985.04.06"]
[EventType "tourn"]
[EventRounds "9"]
[EventCountry "ENG"]
[EventCategory "6"]
[SourceTitle "BritBase"]
[Source "John Saunders"]
[SourceDate "2020.09.07"]
[SourceVersion "1"]
[SourceVersionDate "2020.09.07"]
[SourceQuality "2"]

1. d4 Nf6 2. c4 e6 3. Nf3 d5 4. Nc3 Be7 5. Bf4 O-O 6. e3 c5 7. dxc5 Bxc5 8. Qc2
Nc6 9. Rd1 Qa5 10. a3 Be7 11. Nd2 e5 12. Bg5 d4 13. Nb3 Qd8 14. Be2 h6 15. Bxf6
Bxf6 16. O-O Be6 17. Nc5 Qe7 18. Nxe6 Qxe6 19. Nd5 Rad8 20. Bd3 Ne7 21. Be4 Rd7
22. exd4 exd4 23. Rfe1 Qd6 24. g3 Nxd5 25. Bxd5 Re7 26. Qf5 Rfe8 27. Rxe7 Qxe7
28. Rd3 b6 29. Rf3 Qe5 30. Qd3 Re7 31. Kg2 Kh8 32. b4 g6 33. Rf4 Kg7 34. Qf3 h5
35. h4 Rd7 36. b5 Re7 37. Re4 1/2-1/2

[Event "Chequers Masters"]
[Site "London"]
[Date "1985.04.12"]
[Round "7"]
[White "Hebden, Mark L"]
[Black "Arkell, Keith C"]
[Result "1/2-1/2"]
[WhiteElo "2480"]
[BlackElo "2410"]
[PlyCount "52"]
[EventDate "1985.04.06"]
[EventType "tourn"]
[EventRounds "9"]
[EventCountry "ENG"]
[EventCategory "6"]
[SourceTitle "BritBase"]
[Source "John Saunders"]
[SourceDate "2020.09.07"]
[SourceVersion "1"]
[SourceVersionDate "2020.09.07"]
[SourceQuality "2"]

1. e4 c5 2. f4 e6 3. Nf3 d5 4. Nc3 dxe4 5. Nxe4 Nc6 6. Bb5 Bd7 7. Qe2 Be7 8. f5
Nf6 9. fxe6 Bxe6 10. Bxc6+ bxc6 11. d3 Nxe4 12. Qxe4 Qd5 13. Qe2 c4 14. dxc4
Qxc4 15. Qxc4 Bxc4 16. Be3 O-O 17. Kf2 Bd5 18. Rad1 a5 19. a4 Rab8 20. b3 Be4
21. Rd2 Rb7 22. Rhd1 h6 23. Ne5 Re8 24. Nd3 Bf6 25. Bc5 Rd8 26. Ne1 Rxd2+
1/2-1/2

[Event "Chequers Masters"]
[Site "London"]
[Date "1985.04.12"]
[Round "7"]
[White "Howell, James C"]
[Black "Gallagher, Joseph G"]
[Result "1/2-1/2"]
[WhiteElo "2370"]
[BlackElo "2370"]
[PlyCount "52"]
[EventDate "1985.04.06"]
[EventType "tourn"]
[EventRounds "9"]
[EventCountry "ENG"]
[EventCategory "6"]
[SourceTitle "BritBase"]
[Source "John Saunders"]
[SourceDate "2020.09.07"]
[SourceVersion "1"]
[SourceVersionDate "2020.09.07"]
[SourceQuality "2"]

1. e4 c5 2. Nf3 d6 3. Bb5+ Bd7 4. Bxd7+ Qxd7 5. O-O Nc6 6. c3 Nf6 7. Re1 e6 8.
d4 cxd4 9. cxd4 d5 10. e5 Ne4 11. Nbd2 Nxd2 12. Bxd2 Be7 13. Bg5 O-O 14. Bxe7
Qxe7 15. Qd2 Qb4 16. Red1 Rac8 17. h3 Rc7 18. Rac1 Rfc8 19. Qxb4 Nxb4 20. Rxc7
Rxc7 21. a3 Na2 22. Ne1 Nc1 23. f3 Kf8 24. Kf2 Ke7 25. Ke3 a5 26. f4 Rc4
1/2-1/2

[Event "Chequers Masters"]
[Site "London"]
[Date "1985.04.12"]
[Round "7"]
[White "McNab, Colin Anderson"]
[Black "Carton, Pat"]
[Result "1/2-1/2"]
[WhiteElo "2395"]
[BlackElo "2300"]
[PlyCount "40"]
[EventDate "1985.04.06"]
[EventType "tourn"]
[EventRounds "9"]
[EventCountry "ENG"]
[EventCategory "6"]
[SourceTitle "BritBase"]
[Source "John Saunders"]
[SourceDate "2020.09.07"]
[SourceVersion "1"]
[SourceVersionDate "2020.09.07"]
[SourceQuality "2"]

1. c4 Nf6 2. Nf3 c5 3. g3 g6 4. Bg2 Bg7 5. O-O O-O 6. Nc3 Nc6 7. a3 d6 8. Rb1
a5 9. d3 Bd7 10. h3 Rb8 11. Nd2 Na7 12. b4 axb4 13. axb4 cxb4 14. Rxb4 b5 15.
Nxb5 Nxb5 16. cxb5 Rxb5 17. Rxb5 Bxb5 18. Qb3 Qd7 19. Bb2 Rc8 20. Rc1 Rxc1+
1/2-1/2

[Event "Chequers Masters"]
[Site "London"]
[Date "1985.04.12"]
[Round "7"]
[White "Orr, Mark JL"]
[Black "Horner, Jeff"]
[Result "1/2-1/2"]
[WhiteElo "2320"]
[BlackElo "2385"]
[PlyCount "83"]
[EventDate "1985.04.06"]
[EventType "tourn"]
[EventRounds "9"]
[EventCountry "ENG"]
[EventCategory "6"]
[SourceTitle "BritBase"]
[Source "John Saunders"]
[SourceDate "2020.09.07"]
[SourceVersion "1"]
[SourceVersionDate "2020.09.07"]
[SourceQuality "2"]

1. Nf3 Nf6 2. c4 g6 3. g3 Bg7 4. Bg2 O-O 5. O-O d6 6. d4 Nc6 7. Nc3 a6 8. b3
Rb8 9. Bb2 b5 10. cxb5 axb5 11. Rc1 b4 12. Nb1 Na7 13. Qc2 Nb5 14. Qc4 Nd7 15.
Rfd1 c5 16. Rd2 cxd4 17. Bxd4 Nxd4 18. Nxd4 Bxd4 19. Qxd4 Qa5 20. Rdc2 Nc5 21.
Qh4 Qa7 22. Nd2 Bf5 23. Be4 Be6 24. Qh6 Rbc8 25. Qe3 Qa5 26. Bd3 Rc7 27. Nf3
Rfc8 28. Nd4 Bd5 29. Bc4 Be4 30. Bd3 Bb7 31. Qg5 e6 32. e3 h6 33. Qxh6 Nxd3 34.
Nxe6 Qe5 35. Rxc7 Rxc7 36. Qf8+ Kh7 37. Ng5+ Qxg5 38. Rxc7 Bd5 39. Rxf7+ Bxf7
40. Qxf7+ Kh6 41. Qf8+ Kh7 42. Qf7+ 1/2-1/2

[Event "Chequers Masters"]
[Site "London"]
[Date "1985.04.13"]
[Round "8"]
[White "Carton, Pat"]
[Black "Orr, Mark JL"]
[Result "0-1"]
[WhiteElo "2300"]
[BlackElo "2320"]
[PlyCount "92"]
[EventDate "1985.04.06"]
[EventType "tourn"]
[EventRounds "9"]
[EventCountry "ENG"]
[EventCategory "6"]
[SourceTitle "BritBase"]
[Source "John Saunders"]
[SourceDate "2020.09.07"]
[SourceVersion "1"]
[SourceVersionDate "2020.09.07"]
[SourceQuality "2"]

1. e4 c6 2. d4 d5 3. exd5 cxd5 4. c4 Nf6 5. Nc3 g6 6. Qb3 Bg7 7. cxd5 O-O 8.
Nge2 Na6 9. g3 Qb6 10. Qxb6 axb6 11. Bg2 Nb4 12. O-O Rd8 13. Bg5 Bg4 14. d6
Rxd6 15. Bxb7 Ra5 16. Bf4 Rd7 17. Bc8 Bxe2 18. Nxe2 Rd8 19. Bh3 Nfd5 20. Bd2
Rxa2 21. Rxa2 Nxa2 22. Ra1 Nab4 23. Ra7 Nc6 24. Rb7 Nxd4 25. Nxd4 Bxd4 26. Bc3
Nxc3 27. bxc3 Bc5 28. Rd7 Ra8 29. Rd2 Ra1+ 30. Bf1 Rc1 31. c4 e5 32. Kg2 e4 33.
h4 Kf8 34. Be2 Ke7 35. h5 f5 36. Ra2 g5 37. Ra7+ Kf6 38. Rxh7 Rc2 39. Rh6+ Ke5
40. Kf1 f4 41. gxf4+ gxf4 42. Bg4 f3 43. Ke1 Bxf2+ 44. Kd1 Rxc4 45. Rh8 Be3 46.
Rc8 Rxc8 0-1

[Event "Chequers Masters"]
[Site "London"]
[Date "1985.04.13"]
[Round "8"]
[White "Gallagher, Joseph G"]
[Black "McNab, Colin Anderson"]
[Result "0-1"]
[WhiteElo "2370"]
[BlackElo "2395"]
[PlyCount "98"]
[EventDate "1985.04.06"]
[EventType "tourn"]
[EventRounds "9"]
[EventCountry "ENG"]
[EventCategory "6"]
[SourceTitle "BritBase"]
[Source "John Saunders"]
[SourceDate "2020.09.07"]
[SourceVersion "1"]
[SourceVersionDate "2020.09.07"]
[SourceQuality "2"]

1. e4 g6 2. d4 d6 3. Nc3 Bg7 4. Nf3 Nf6 5. Be2 O-O 6. O-O Bg4 7. Be3 Nc6 8. Qd2
e5 9. d5 Ne7 10. Rad1 Bd7 11. Ne1 b5 12. b4 Nc8 13. f3 Qe8 14. Nd3 Nb6 15. Nb2
Nh5 16. Rfe1 f5 17. exf5 gxf5 18. f4 e4 19. Bxh5 Qxh5 20. Bd4 Bxd4+ 21. Qxd4
Qh6 22. Re3 Qf6 23. Qxf6 Rxf6 24. Kf2 a5 25. a3 axb4 26. axb4 Rff8 27. Ke2 Kh8
28. Rd2 Rg8 29. g3 Be8 30. Kf2 Ra1 31. Re1 Ra3 32. Re3 Bf7 33. Nxb5 Rxe3 34.
Kxe3 Nxd5+ 35. Rxd5 Bxd5 36. Nxc7 Bf7 37. c4 Rb8 38. Nb5 Bxc4 39. Nxd6 Be6 40.
b5 Rb6 41. Nbc4 Bxc4 42. Nxc4 Rxb5 43. g4 Rb3+ 44. Kf2 Rf3+ 45. Ke2 fxg4 46.
Nd6 Rxf4 47. Ke3 Rf3+ 48. Kxe4 Kg7 49. Nf5+ Kf6 0-1

[Event "Chequers Masters"]
[Site "London"]
[Date "1985.04.13"]
[Round "8"]
[White "Hawksworth, John C"]
[Black "Howell, James C"]
[Result "1/2-1/2"]
[WhiteElo "2365"]
[BlackElo "2370"]
[PlyCount "55"]
[EventDate "1985.04.06"]
[EventType "tourn"]
[EventRounds "9"]
[EventCountry "ENG"]
[EventCategory "6"]
[SourceTitle "BritBase"]
[Source "John Saunders"]
[SourceDate "2020.09.07"]
[SourceVersion "1"]
[SourceVersionDate "2020.09.07"]
[SourceQuality "2"]

1. d4 Nf6 2. c4 g6 3. g3 Bg7 4. Bg2 O-O 5. Nc3 d6 6. Nf3 Nbd7 7. O-O e5 8. e4
a6 9. h3 b5 10. cxb5 axb5 11. b4 c6 12. dxe5 Nxe5 13. Nxe5 dxe5 14. Qc2 Be6 15.
Be3 Nd7 16. a4 bxa4 17. Nxa4 Qb8 18. Rab1 Qb5 19. Nc3 Qa6 20. Rfd1 Rfc8 21. Bf1
Qb7 22. Na4 Qc7 23. Rdc1 Qd8 24. Ra1 Bf8 25. Qc3 Rcb8 26. Rcb1 Qc8 27. Kh2 Qb7
28. Bd2 1/2-1/2

[Event "Chequers Masters"]
[Site "London"]
[Date "1985.04.13"]
[Round "8"]
[White "Horner, Jeff"]
[Black "Hebden, Mark L"]
[Result "0-1"]
[WhiteElo "2385"]
[BlackElo "2480"]
[PlyCount "54"]
[EventDate "1985.04.06"]
[EventType "tourn"]
[EventRounds "9"]
[EventCountry "ENG"]
[EventCategory "6"]
[SourceTitle "BritBase"]
[Source "John Saunders"]
[SourceDate "2020.09.07"]
[SourceVersion "1"]
[SourceVersionDate "2020.09.07"]
[SourceQuality "2"]

1. e4 e5 2. Nf3 Nc6 3. Bb5 a6 4. Ba4 Nf6 5. O-O Be7 6. Bxc6 dxc6 7. d3 Nd7 8.
Nbd2 O-O 9. Nc4 f6 10. Nh4 Nc5 11. Qf3 Ne6 12. Be3 g6 13. Qg3 Kh8 14. Rad1 Nf4
15. Rfe1 Be6 16. b3 c5 17. c3 Qc8 18. d4 g5 19. Nf5 Bxf5 20. exf5 b5 21. Na5
cxd4 22. Nc6 dxe3 23. Nxe7 e2 24. Rd2 Qb7 25. c4 c6 26. Qf3 Qxe7 27. g3 Qb4 0-1

[Event "Chequers Masters"]
[Site "London"]
[Date "1985.04.14"]
[Round "9"]
[White "Arkell, Keith C"]
[Black "Horner, Jeff"]
[Result "1/2-1/2"]
[WhiteElo "2410"]
[BlackElo "2385"]
[PlyCount "71"]
[EventDate "1985.04.06"]
[EventType "tourn"]
[EventRounds "9"]
[EventCountry "ENG"]
[EventCategory "6"]
[SourceTitle "BritBase"]
[Source "John Saunders"]
[SourceDate "2020.09.07"]
[SourceVersion "1"]
[SourceVersionDate "2020.09.07"]
[SourceQuality "2"]

1. c4 Nf6 2. d4 g6 3. Nc3 Bg7 4. e4 O-O 5. Be2 d6 6. Nf3 e5 7. d5 Nbd7 8. Bg5
h6 9. Bh4 a5 10. O-O Nc5 11. Nd2 Bd7 12. b3 c6 13. a3 cxd5 14. cxd5 Qc7 15. Rc1
Rfc8 16. g4 Rab8 17. f3 b5 18. b4 axb4 19. axb4 Na6 20. Qb3 h5 21. h3 Nh7 22.
Na2 Qb6+ 23. Bf2 Qd8 24. Qe3 Bf6 25. Qa3 Ra8 26. Rxc8 Qxc8 27. Rc1 Qf8 28. Be3
Bg5 29. Qb3 Qh6 30. Nf1 Kg7 31. h4 Bf4 32. g5 Nxg5 33. hxg5 Qxg5+ 34. Kf2 Qh4+
35. Kg1 Qg5+ 36. Kf2 1/2-1/2

[Event "Chequers Masters"]
[Site "London"]
[Date "1985.04.14"]
[Round "9"]
[White "Hebden, Mark L"]
[Black "Carton, Pat"]
[Result "1/2-1/2"]
[WhiteElo "2480"]
[BlackElo "2300"]
[PlyCount "131"]
[EventDate "1985.04.06"]
[EventType "tourn"]
[EventRounds "9"]
[EventCountry "ENG"]
[EventCategory "6"]
[SourceTitle "BritBase"]
[Source "John Saunders"]
[SourceDate "2020.09.07"]
[SourceVersion "1"]
[SourceVersionDate "2020.09.07"]
[SourceQuality "2"]

1. e4 c6 2. d4 d5 3. exd5 cxd5 4. c4 Nf6 5. Nc3 Nc6 6. Bg5 e6 7. Nf3 Be7 8. c5
Ne4 9. Bxe7 Qxe7 10. Qc2 Ng5 11. Nxg5 Qxg5 12. Bb5 O-O 13. Bxc6 bxc6 14. O-O e5
15. f4 exf4 16. Qd2 Rb8 17. b3 Ba6 18. Qxf4 Qxf4 19. Rxf4 Rfe8 20. Kf2 Bb5 21.
Re1 Rxe1 22. Kxe1 f6 23. Kd2 Kf7 24. Rf3 Ba6 25. Nd1 Bc8 26. Nf2 h5 27. Nd3 Ke7
28. Nf4 Bg4 29. Re3+ Kf7 30. h3 g5 31. hxg4 gxf4 32. Rf3 hxg4 33. Rxf4 Rg8 34.
b4 Ke6 35. Rf1 a5 36. bxa5 Ra8 37. a4 Rxa5 38. Ra1 Kf5 39. Ke3 Kg5 40. g3 Kf5
41. Kd3 Kg5 42. Kc3 Ra6 43. Kb4 f5 44. Re1 Ra8 45. a5 Kf6 46. Re5 Rb8+ 47. Ka4
Rb1 48. Re3 f4 49. gxf4 Ra1+ 50. Kb4 Kf5 51. Re8 g3 52. Rg8 Kxf4 53. Rg6 Rb1+
54. Ka4 Ke4 55. Rxg3 Kxd4 56. a6 Rb8 57. a7 Ra8 58. Rg7 Kxc5 59. Ka5 d4 60. Ka6
Kb4 61. Kb7 Rxa7+ 62. Kxa7 c5 63. Rd7 Kc3 64. Kb6 d3 65. Rxd3+ Kxd3 66. Kxc5
1/2-1/2

[Event "Chequers Masters"]
[Site "London"]
[Date "1985.04.14"]
[Round "9"]
[White "Howell, James C"]
[Black "Condie, Mark L"]
[Result "1-0"]
[WhiteElo "2370"]
[BlackElo "2380"]
[PlyCount "81"]
[EventDate "1985.04.06"]
[EventType "tourn"]
[EventRounds "9"]
[EventCountry "ENG"]
[EventCategory "6"]
[SourceTitle "BritBase"]
[Source "John Saunders"]
[SourceDate "2020.09.07"]
[SourceVersion "1"]
[SourceVersionDate "2020.09.07"]
[SourceQuality "2"]

1. e4 e5 2. Nf3 Nf6 3. Nxe5 d6 4. Nf3 Nxe4 5. Nc3 Nxc3 6. dxc3 Be7 7. Be3 Nd7
8. Qd2 Ne5 9. Nd4 O-O 10. O-O-O c5 11. Nb5 Qa5 12. a3 a6 13. Nxd6 Rd8 14. Nxc8
Rxd2 15. Nxe7+ Kf8 16. Rxd2 Kxe7 17. Rd5 Nd7 18. Be2 b6 19. Bf3 Ra7 20. Re1 Kd8
21. Bg4 Qa4 22. Bh3 Qc4 23. Red1 Qa2 24. Rxd7+ Rxd7 25. Rxd7+ Ke8 26. Rb7 Qd5
27. Rb8+ Ke7 28. Rxb6 f5 29. Rxa6 h6 30. Ra5 Qe4 31. g3 g5 32. Bxc5+ Ke8 33.
Kb1 g4 34. Bxg4 fxg4 35. Be3 Qh1+ 36. Ka2 Qxh2 37. Rc5 h5 38. Bd4 h4 39. gxh4
Qxh4 40. b4 Qh7 41. Kb2 1-0

[Event "Chequers Masters"]
[Site "London"]
[Date "1985.04.14"]
[Round "9"]
[White "McNab, Colin Anderson"]
[Black "Hawksworth, John C"]
[Result "1-0"]
[WhiteElo "2395"]
[BlackElo "2365"]
[PlyCount "101"]
[EventDate "1985.04.06"]
[EventType "tourn"]
[EventRounds "9"]
[EventCountry "ENG"]
[EventCategory "6"]
[SourceTitle "BritBase"]
[Source "John Saunders"]
[SourceDate "2020.09.07"]
[SourceVersion "1"]
[SourceVersionDate "2020.09.07"]
[SourceQuality "2"]

1. c4 Nf6 2. Nf3 e6 3. g3 d5 4. b3 Be7 5. Bg2 O-O 6. O-O c5 7. Bb2 Nc6 8. e3 b6
9. Qe2 Bb7 10. Rd1 Qc7 11. Nc3 dxc4 12. bxc4 Rfd8 13. Rab1 Rac8 14. Ne1 Na5 15.
Bxb7 Qxb7 16. f4 Nc6 17. Nf3 Nb4 18. Ne5 Nd7 19. d3 Nc6 20. Nf3 Nf6 21. h3 Nb4
22. Kf2 a6 23. a3 Nc6 24. g4 Qc7 25. g5 Ne8 26. Ne4 Nd6 27. Nxd6 Bxd6 28. Nd2
b5 29. Ne4 Bf8 30. Rg1 Ne7 31. h4 bxc4 32. dxc4 Qc6 33. Qc2 Nf5 34. h5 Nd6 35.
Ng3 Nf5 36. h6 Nxg3 37. Rxg3 Rb8 38. hxg7 Bxg7 39. Bxg7 Kxg7 40. Rxb8 Rxb8 41.
Rh3 Qb6 42. Rxh7+ Kg8 43. g6 Qb2 44. gxf7+ Kf8 45. Qxb2 Rxb2+ 46. Kf3 Rb3 47.
Ke4 Rxa3 48. Ke5 Ke7 49. e4 Re3 50. Rh6 Kxf7 51. Rf6+ 1-0